Renewable energy sources : international progress : proceedings of the International Symposium-Workshop on Renewable Energy Sources, Lahore, Pakistan, March 18-23, 1983 /

Zapisane w:
Opis bibliograficzny
Korporacja: International Symposium-Workshop on Renewable Energy Sources Lahore, Pakistan
Kolejni autorzy: Veziroğlu, T. Nejat
Format: Materiały konferencyjne Książka
Język:English
Wydane: Amsterdam ; New York : New York : Elsevier ; Distributors for the United States and Canada, Elsevier Science Pub. Co., 1984.
Seria:Energy research ; 4A-4B
Hasła przedmiotowe:
LEADER 01658cam a2200349 a 4500
001 c000232760
003 CARM
005 20070417094447.0
008 840622s1984 ne a b 101 0 eng
010 |a 84013601 
019 1 |a 3285187  |z 3676365  |z 26315137  |5 LACONCORD2021 
020 |a 0444418466 (series) 
020 |a 0444423613 (v. 1) 
020 |a 0444423621 (v. 2) 
020 |a 044442363X (set) :  |c fl 600.00 
035 |a (OCoLC)10951375  |5 LACONCORD2021 
040 |a DLC  |b eng  |c DLC  |d DLC  |d LC 
050 0 0 |a TJ807.2  |b .I58 1983 
082 0 0 |a 333.79  |2 19 
111 2 |a International Symposium-Workshop on Renewable Energy Sources  |d (1983 :  |c Lahore, Pakistan) 
245 1 0 |a Renewable energy sources :  |b international progress : proceedings of the International Symposium-Workshop on Renewable Energy Sources, Lahore, Pakistan, March 18-23, 1983 /  |c edited by T. Nejat Veziroğlu. 
260 |a Amsterdam ;  |a New York :  |b Elsevier ;  |a New York :  |b Distributors for the United States and Canada, Elsevier Science Pub. Co.,  |c 1984. 
300 |a 2 v. :  |b ill. ;  |c 25 cm. 
440 0 |a Energy research ;  |v 4A-4B 
504 |a Includes bibliographies and indexes. 
650 0 |a Renewable energy sources  |v Congresses. 
700 1 |a Veziroğlu, T. Nejat. 
852 8 |b CARM  |h A1:AP18F0  |i C09295  |p 0340926  |f BK 
852 8 |b CARM  |h A1:AP18F0  |i C09295  |p 0340928  |f BK 
999 f f |i 87cceb8e-010d-50dc-bd3f-c2de7203dd73  |s 27e151c2-4a3a-5d2f-b44d-549f4c22a340 
952 f f |p Can circulate  |a CAVAL  |b CAVAL  |c CAVAL  |d CARM 1 Store  |e C09295  |f A1:AP18F0  |h Other scheme  |i book  |j v.2  |m 0340928 
952 f f |p Can circulate  |a CAVAL  |b CAVAL  |c CAVAL  |d CARM 1 Store  |e C09295  |f A1:AP18F0  |h Other scheme  |i book  |j v.1  |m 0340926